[Event "Ruhrgebiet Verbandsklasse Gruppe 2 1819"]
[Site "Nordrheinwestfalen"]
[Date "2019.05.05"]
[Round "9.4"]
[White "Kuckelkorn, Joerg"]
[Black "Boxberg, Marc"]
[Result "1/2-1/2"]
[WhiteElo "1887"]
[BlackElo "1726"]
[PlyCount "22"]
[EventDate "2018.09.23"]
[EventType "team-tourn"]
[EventRounds "9"]
[EventCountry "GER"]
[SourceTitle "EXT 2022"]
[Source "ChessBase"]
[SourceDate "2021.10.06"]
[SourceVersion "1"]
[SourceVersionDate "2021.10.06"]
[SourceQuality "1"]
[WhiteTeam "Oberhausen SW"]
[BlackTeam "Marten Boevinghausen"]
[WhiteTeamCountry "GER"]
[BlackTeamCountry "GER"]

1. e4 e6 2. d4 d5 3. e5 c5 4. c3 Nc6 5. Nf3 Qb6 6. Be2 Bd7 7. 0-0 cxd4 8. cxd4 Nge7 9. Na3 Nf5 10. Nc2 Be7 11. a3 0-0 1/2-1/2

[Event "Ruhrgebiet Bezirkszweite 1718 Aufstieg"]
[Site "Germany"]
[Date "2018.06.10"]
[Round "2.6"]
[White "Boxberg, Marc"]
[Black "Sanders, Cedric"]
[Result "1-0"]
[WhiteElo "1761"]
[BlackElo "1717"]
[PlyCount "35"]
[EventDate "2018.06.10"]
[EventType "team-k.o."]
[EventRounds "3"]
[EventCountry "GER"]
[SourceTitle "EXT 2022"]
[Source "ChessBase"]
[SourceDate "2021.10.06"]
[SourceVersion "1"]
[SourceVersionDate "2021.10.06"]
[SourceQuality "1"]
[WhiteTeam "Marten Boevinghausen"]
[BlackTeam "Borbeck Weisse Dame II"]
[WhiteTeamCountry "GER"]
[BlackTeamCountry "GER"]

1. e4 e5 2. Nf3 Nc6 3. Bc4 Bc5 4. d3 h6 5. 0-0 d6 6. Be3 Bxe3 7. fxe3 Bg4 8. Bxf7+ Ke7 9. h3 Nf6 10. Bg6 Bxf3 11. Qxf3 h5 12. Nc3 Qg8 13. Nd5+ Nxd5 14. exd5 Nb4 15. Qf7+ Kd8 16. e4 Rc8 17. Rf2 c5 18. Qxb7 1-0

[Event "Gelsenkirchen Silvester op 4th"]
[Site "Gelsenkirchen"]
[Date "2016.12.29"]
[Round "5"]
[White "Wingerning, Fynn"]
[Black "Boxberg, Marc"]
[Result "0-1"]
[WhiteElo "1119"]
[BlackElo "1617"]
[PlyCount "88"]
[EventDate "2016.12.27"]
[EventType "swiss"]
[EventRounds "5"]
[EventCountry "GER"]
[SourceTitle "EXT 2019"]
[Source "ChessBase"]
[SourceDate "2018.10.10"]
[SourceVersion "1"]
[SourceVersionDate "2018.10.10"]
[SourceQuality "1"]

1. e4 d6 2. d4 Nf6 3. Nc3 g6 4. Nf3 Bg7 5. Bc4 0-0 6. Bf4 c5 7. 0-0 cxd4 8. Nd5 Nc6 9. Nxf6+ Bxf6 10. Bg5 Bg7 11. Re1 Qc7 12. Qd2 Bg4 13. Qf4 Bxf3 14. Qxf3 Ne5 15. Bxf7+ Rxf7 16. Qb3 Raf8 17. Rf1 Kh8 18. f3 b6 19. Rad1 Qc4 20. f4 Qxb3 21. axb3 Ng4 22. Rf3 Ne3 23. Rd2 e5 24. g3 h6 25. Bh4 g5 26. Bxg5 hxg5 27. Rdf2 gxf4 28. h3 fxg3 29. Rxf7 gxf2+ 30. Rxf2 Rxf2 31. Kxf2 Nxc2 32. Ke2 a5 33. Kd2 Ne3 34. Kd3 b5 35. b4 a4 36. h4 d5 37. exd5 Nxd5 38. Ke4 Nxb4 39. h5 d3 40. Ke3 Bh6+ 41. Kf2 e4 42. Kf1 e3 43. Ke1 Nc2+ 44. Kd1 e2# 0-1

[Event "Gelsenkirchen Silvester op 4th"]
[Site "Gelsenkirchen"]
[Date "2016.12.28"]
[Round "3"]
[White "Schlereth, Detlev"]
[Black "Boxberg, Marc"]
[Result "1-0"]
[WhiteElo "1718"]
[BlackElo "1617"]
[PlyCount "79"]
[EventDate "2016.12.27"]
[EventType "swiss"]
[EventRounds "5"]
[EventCountry "GER"]
[SourceTitle "EXT 2019"]
[Source "ChessBase"]
[SourceDate "2018.10.10"]
[SourceVersion "1"]
[SourceVersionDate "2018.10.10"]
[SourceQuality "1"]

1. e4 e6 2. d4 d5 3. Nd2 c5 4. Ngf3 Nc6 5. exd5 exd5 6. dxc5 Bxc5 7. Nb3 Bb6 8. c3 a6 9. h3 Nf6 10. Bg5 Be6 11. Nfd4 0-0 12. Be2 h6 13. Bh4 Re8 14. 0-0 Nxd4 15. Nxd4 Bc7 16. f4 Bb6 17. Kh1 Bd7 18. Bf3 Bc6 19. g4 Bxd4 20. Qxd4 Re6 21. Rae1 Qd7 22. Rxe6 Qxe6 23. f5 Qd6 24. g5 hxg5 25. Bxg5 Qg3 26. Bxf6 Qxh3+ 27. Kg1 Qg3+ 28. Bg2 gxf6 29. Rf4 Kf8 30. Rg4 Qe1+ 31. Bf1 Ke7 32. Rg7 Qe5 33. Qc5+ Qd6 34. Rxf7+ Kxf7 35. Qxd6 Rg8+ 36. Kf2 Rg5 37. Qe6+ Kg7 38. Qe7+ Kh6 39. Qxf6+ Kh5 40. Be2+ 1-0

[Event "GER-ch40 Juniors email"]
[Site "GER email"]
[Date "2006.03.20"]
[Round "?"]
[White "Boxberg, Marc"]
[Black "Samraoui, Mehdi"]
[Result "0-1"]
[WhiteElo "1800"]
[BlackElo "2379"]
[PlyCount "110"]
[EventDate "2006.??.??"]
[EventType "tourn (corr)"]
[EventRounds "10"]
[EventCountry "GER"]
[SourceTitle "Corr 2008"]
[Source "ChessBase"]
[SourceDate "2008.06.24"]
[SourceVersion "1"]
[SourceVersionDate "2008.06.24"]
[SourceQuality "1"]

1. e4 e5 2. Nf3 Nc6 3. Bc4 Bc5 4. c3 Nf6 5. d4 exd4 6. cxd4 Bb4+ 7. Nc3 Nxe4 8. 0-0 Bxc3 9. d5 Ne5 10. bxc3 Nxc4 11. Qd4 f5 12. Qxc4 d6 13. Nd4 0-0 14. f3 Nc5 15. Re1 b6 16. Nc6 Ba6 17. Qd4 Qf6 18. Re7 Rf7 19. Qxf6 gxf6 20. Re1 Kg7 21. Nd4 Kg6 22. Nc6 Nd3 23. Ne7+ Kh5 24. Re6 Nc5 25. Nxf5 Nxe6 26. dxe6 Rff8 27. Bf4 Kg6 28. Ne7+ Kg7 29. Nf5+ Kh8 30. Re1 Rfe8 31. e7 Bc8 32. Nd4 Bd7 33. Bh6 c5 34. Nc2 Ba4 35. Na3 d5 36. Bf8 Rac8 37. Re6 Rc6 38. Rxc6 Bxc6 39. Nc2 Bd7 40. Kf2 Kg8 41. Ne3 Be6 42. Ke2 Kf7 43. Kd3 Rc8 44. f4 Ke8 45. g4 Rc6 46. f5 d4 47. cxd4 cxd4 48. Kxd4 Bxa2 49. h4 b5 50. g5 a5 51. g6 h5 52. g7 Bg8 53. Kd3 b4 54. Nc2 Rc3+ 55. Kd2 Rc4 0-1